Making the transition to home health nursing : (Record no. 684)

000 -LEADER
fixed length control field 01271nam a22003737a 4500
001 - CONTROL NUMBER
control field 708255
003 - CONTROL NUMBER IDENTIFIER
control field OSt
005 - DATE AND TIME OF LATEST TRANSACTION
control field 20210421065535.0
008 - FIXED-LENGTH DATA ELEMENTS--GENERAL INFORMATION
fixed length control field 970407s1997 nyu b 001 0 eng c
010 ## - LIBRARY OF CONGRESS CONTROL NUMBER
LC control number 97016428
020 ## - INTERNATIONAL STANDARD BOOK NUMBER
International Standard Book Number 082619740X
040 ## - CATALOGING SOURCE
Original cataloging agency DNLM/DLC
Transcribing agency DLC
Modifying agency eng
Language of cataloging eng
041 ## - LANGUAGE CODE
Language code of text/sound track or separate title eng
043 ## - GEOGRAPHIC AREA CODE
Geographic area code n-us---
050 00 - LIBRARY OF CONGRESS CALL NUMBER
Classification number RT120.H65
Item number L68 1997
060 10 - NATIONAL LIBRARY OF MEDICINE CALL NUMBER
Classification number WY 115 L897m 1997
080 ## - UNIVERSAL DECIMAL CLASSIFICATION NUMBER
Universal Decimal Classification number 613.89
Item number L-94
082 00 - DEWEY DECIMAL CLASSIFICATION NUMBER
Classification number 362.1/4
Edition number 21
100 1# - MAIN ENTRY--PERSONAL NAME
Personal name Lovejoy, Denise.
245 10 - TITLE STATEMENT
Title Making the transition to home health nursing :
Remainder of title a practical guide /
Statement of responsibility, etc. Denise Lovejoy.
260 ## - PUBLICATION, DISTRIBUTION, ETC.
Place of publication, distribution, etc. New York :
Name of publisher, distributor, etc. Springer Pub. Co.,
Date of publication, distribution, etc. c1997.
300 ## - PHYSICAL DESCRIPTION
Extent xi, 185 p. ;
Dimensions 24 cm.
504 ## - BIBLIOGRAPHY, ETC. NOTE
Bibliography, etc. note Includes bibliographical references and index.
650 #0 - SUBJECT ADDED ENTRY--TOPICAL TERM
Topical term or geographic name entry element Home nursing.
650 #0 - SUBJECT ADDED ENTRY--TOPICAL TERM
Topical term or geographic name entry element Family Medicine
9 (RLIN) 119
650 #0 - SUBJECT ADDED ENTRY--TOPICAL TERM
Topical term or geographic name entry element Home nursing
Geographic subdivision United States.
650 12 - SUBJECT ADDED ENTRY--TOPICAL TERM
Topical term or geographic name entry element Home Care Services
General subdivision organization & administration.
650 22 - SUBJECT ADDED ENTRY--TOPICAL TERM
Topical term or geographic name entry element Career Choice.
653 ## - INDEX TERM--UNCONTROLLED
Uncontrolled term საოჯახო მედიცინა
653 ## - INDEX TERM--UNCONTROLLED
Uncontrolled term სახლში მოვლა
906 ## - LOCAL DATA ELEMENT F, LDF (RLIN)
a 7
b cbc
c orignew
d 1
e ocip
f 19
g y-gencatlg
942 ## - ADDED ENTRY ELEMENTS (KOHA)
Source of classification or shelving scheme
Koha item type Books
Holdings
Withdrawn status Lost status Source of classification or shelving scheme Damaged status Not for loan Permanent location Current location Date acquired Inventory number Total Checkouts Full call number Barcode Date last seen Price effective from Koha item type
          Ken Walker International University Ken Walker International University 12/18/2020 2102   613.89 L-94 2102 12/18/2020 12/18/2020 Books

Powered by Koha